Catálogo

El futuro que viene : (Registro nro. 9115)

Detalles MARC
000 -LEADER
fixed length control field 00899cam a2200265 i 4500
001 - CONTROL NUMBER
control field 9115
003 - CONTROL NUMBER IDENTIFIER
control field Mx-PuUPA
005 - DATE AND TIME OF LATEST TRANSACTION
control field 20200511202735.0
008 - FIXED-LENGTH DATA ELEMENTS--GENERAL INFORMATION
fixed length control field 140415s1995 sp a r 000 0 spa d
020 ## - INTERNATIONAL STANDARD BOOK NUMBER
International Standard Book Number 8478808876
040 ## - CATALOGING SOURCE
Description conventions rda
Original cataloging agency Mx-PuUPA
Language of cataloging spa
Transcribing agency Mx-PuUPA
Modifying agency Mx-PuUPA
041 0# - LANGUAGE CODE
Language code of text/sound track or separate title spa
245 10 - TITLE STATEMENT
Title El futuro que viene :
Remainder of title enciclopedia de las nuevas tecnologías /
Statement of responsibility, etc. dirigida por Manuel Toharia.
264 #1 - PRODUCTION, PUBLICATION, DISTRIBUTION, MANUFACTURE, AND COPYRIGHT NOTICE
Place of production, publication, distribution, manufacture Madrid :
Name of producer, publisher, distributor, manufacturer Ediciones Temas de Hoy,
Date of production, publication, distribution, manufacture, or copyright notice 1997
300 ## - PHYSICAL DESCRIPTION
Extent 678 páginas :
Other physical details ilustraciones ;
Dimensions 24 cm.
336 ## - CONTENT TYPE
Content type term texto
Fuente rdacontent
Content type code txt
337 ## - MEDIA TYPE
Media type term sin medio
Source rdamedia
Media type code n
338 ## - CARRIER TYPE
Carrier type term volumen
Source rdacarrier
Carrier type code nc
490 0# - SERIES STATEMENT
Series statement Temas de hoy ; Enciclopedia del Tercer Milenio
650 #4 - SUBJECT ADDED ENTRY--TOPICAL TERM
Topical term or geographic name entry element Ciencias
General subdivision Divulgación
650 #4 - SUBJECT ADDED ENTRY--TOPICAL TERM
Topical term or geographic name entry element Innovaciones tecnológicas
700 10 - ADDED ENTRY--PERSONAL NAME
Personal name Toharia, Manuel,
Dates associated with a name director
942 ## - ADDED ENTRY ELEMENTS (KOHA)
Source of classification or shelving scheme Dewey Decimal Classification
Koha item type Libro
Classification part 303.483
Item part F996
Existencias
Withdrawn status Lost status Source of classification or shelving scheme Damaged status Not for loan Collection code Home library Current library Shelving location Date acquired Source of acquisition Total Checkouts Full call number Barcode Date last seen Price effective from Koha item type
    Dewey Decimal Classification     General Biblioteca Karol Wojtyla Biblioteca Karol Wojtyla Sala general 15/06/2017 Compra   303.483 F996 1997 95316 05/01/2026 15/06/2017 Libro